Responses for Show #3539 - Thursday, January 13, 2000

Contestants

[<< previous game]

Terry Coombs, an automotive bookkeeper from Lynn, Massachusetts

Lewis Targownik, a resident physician from Winnipeg, Manitoba

Frank Butterworth, a business development manager from Hingham, Massachusetts (whose 1-day cash winnings total $5,400)

[next game >>]

Jeopardy! Round responses

ZACHARY TAYLOR
CURRENCY NAME'S THE SAME
(Alex: You have to give the basic unit of currency that is common to the information we will provide you within the clue.)
RODENTS
BIBLICAL NUMBERS
COLLEGE FOOTBALL COACHES
QUOTABLE POTENT POTABLES
    $100 21
Virginia

Lewis
    $100 13
Dollar

Frank
    $100 6
Porcupine

Frank
    $100 10
6

Terry
    $100 26
"Pop"

Lewis
    $100 1
Beer

Lewis
    $200 22
Whig

Lewis
    $200 12
Ruble

Frank
    $200 7
Beavers

Frank
    $200 17
40

Terry
    $200 27
Joe Paterno

Frank
    $200 2
W.C. Fields

Frank
    $300 23
(Lewis: What is vice president?)

President pro tem of the Senate

Lewis
Triple Stumper
    $300 14
Franc

Lewis
    $300 8
Chinchilla

Frank
    $300 18
0 ("fruit" & "serpent" were used instead)

Frank
    $300 28
Tom Osborne

Lewis
    $500 3
Martini

Frank
    $400 24
Millard Fillmore

Lewis
    $400 15
(Terry: What is the drachma?)

Pound

LewisTerry
    $400 9
Incisors

Lewis
    $400 19
7

Frank
    $400 29
Bobby Bowden

Lewis
    $400 4
Wine

Frank
    $500 25
(Frank: What is Texas?)
(Terry: What is Arizona?)

California

FrankTerry
Triple Stumper
    $500 16
Rupee

Triple Stumper
    $500 11
Lemmings

Lewis
    $500 20
2 (Ruth & Esther)

Lewis
    $500 30
Bo Schembechler

Lewis
    $500 5
(Terry: Who is...)

Ogden Nash

FrankTerry

Scores at the first commercial break (after clue 15):

Frank Lewis Terry
$2,500 $1,700 -$800

Scores at the end of the Jeopardy! Round:

Frank Lewis Terry
$2,900 $3,900 -$1,100

Double Jeopardy! Round responses

WRITERS BY MIDDLE NAME
NYMPH-O-RAMA
OPERA
LEADING LADIES
THIS SPACE
FOR "RENT"
    $200 21
F. Scott Fitzgerald

Frank
    $200 16
(Terry: Who is Hercules?)
(Frank: Who is Jason?)

Odysseus

FrankTerry
Triple Stumper
    $200 25
"Aida"

Frank
    $200 1
Barbra Streisand

Lewis
    $200 5
Cumberland Gap

Terry
    $200 11
(Lewis: What is grandmother?)

Grandparent

LewisTerry
    $400 22
(Alex: Minute to go...)

Samuel Taylor Coleridge

Frank
    $400 17
Grottoes

Lewis
    $400 26
Venice

Triple Stumper
    $400 2
Elizabeth Taylor

Terry
    $400 7
Times Square

Lewis
    $400 12
Heir apparent

Frank
    $600 23
William Carlos Williams

Frank
    $500 18
(Lewis: What is Crete?)

Sicily

Lewis
    $600 27
"Lohengrin"

Triple Stumper
    $600 3
Vivien Leigh

Frank
    $600 8
(Frank: What is Gibraltar?)

Gaza Strip

FrankTerry
    $600 13
Alternating current

Terry
    $800 24
William Makepeace Thackeray

Lewis
    $800 19
Daphne

Triple Stumper
    $800 28
(Terry: What is Carmen?)

Tosca

Terry
Triple Stumper
    $1,500 4
Ingrid Bergman

Frank
    $800 9
DMZ (Demilitarized Zone)

Lewis
    $800 14
Trent

Frank
    $1000 20
(Terry: What is a mermaid?)

a Naiad

Terry
Triple Stumper
    $1000 29
[The end-of-round signal sounds.]

Cavalleria rusticana

Triple Stumper
    $1000 6
Joan Crawford

Terry
    $1000 10
Runnymede

Triple Stumper
    $1000 15
(Lewis: NYMPH-O-MANIA for $200.)
(Alex: No, no, it's NYMPH-O-RAMA!)

Torrent

Lewis

Scores at the end of the Double Jeopardy! Round:

Frank Lewis Terry
$6,800 $6,800 -$100

[wagering suggestions for these scores]

Final Jeopardy! Round responses

WORD & PHRASE ORIGINS
LewisWhat are the dog days of summer?
$6,800
FrankWhat are the dog days of summer?
$6,800
the dog days of summer

Final scores:

Frank Lewis Terry
$13,600 $13,600 -$100
2-day co-champion: $19,000 New co-champion: $13,600 2nd place: Trip to Harvest Inn, Napa Valley, California

Game dynamics:

Coryat scores:

Frank Lewis Terry
$5,900 $7,300 -$100
20 R
(including 2 DDs),
3 W
19 R,
3 W
(including 1 DD)
8 R,
6 W

Combined Coryat: $13,100

[game clues] [game scores] [suggest correction]

Game tape date: 1999-11-09
The J! Archive is created by fans, for fans. Scraping, republication, monetization, and malicious use prohibited; this site may use cookies and collect identifying information. See terms. The Jeopardy! game show and all elements thereof, including but not limited to copyright and trademark thereto, are the property of Jeopardy Productions, Inc. and are protected under law. This website is not affiliated with, sponsored by, or operated by Jeopardy Productions, Inc. Join the discussion at JBoard.tv.